000 00620nam a2200241Ia 4500
003 OSt
005 20221007062451.0
006 a|||||r|||| 00| 0
007 ta
008 221006b |||||||| |||| 00| 0 eng d
024 _a21,421
037 _cTextual
040 _aFLL
_cFLL
_beng
041 _2eng
_aeng
082 _az2:111-z2qN29, L6
100 _aSethi R.B.
245 0 _aChild marriage restraint
250 _a1976
260 _aAllahabad
_bLaw Publishers India
_c1976
300 _a64p
_ccm.
942 _hz2:111-z2qN29, L6
_cTEXL
_2CC
999 _c1128685
_d1128685